| 000 | 00355nam a2200145 a 4500 | ||
|---|---|---|---|
| 001 | 2833 | ||
| 003 | CDMR | ||
| 005 | 20130325123014.0 | ||
| 008 | 130130s1976||||||||||||||||||||||||||||d | ||
| 040 |
_aCDMR _bcat _cCDMR |
||
| 110 | 2 |
_aAssociació de la Premsa de Barcelona _939 |
|
| 245 | 1 | 0 | _aMemoria aƱo 1975 |
| 260 |
_aBarcelona _c1976 _bAPB |
||
| 942 |
_cMON _2udc |
||
| 999 |
_c2833 _d2833 |
||